Democracia y productividad: desafíos de una nueva educación media en América Latina

Esta edición pone al alcance de los educadores del país un trabajo colectivo de investigación sobre las problemáticas de la educación media en América Latina.

Na minha lista:
Detalhes bibliográficos
Outros Autores: Gómez, Víctor M.
Formato: Livro
Idioma:Spanish
Publicado em: Bogotá: Cooperativa Editorial Magisterio, 1995
coleção:Colección mesa redonda; No. 25
Assuntos:
Acesso em linha:Enlace del recurso
Tags: Adicionar Tag
Sem tags, seja o primeiro a adicionar uma tag!

MARC

LEADER 00000nam a2200000 a 4500
001 001307
008 030728s1995 ck # fr# #000|0#spa#d
020 |a 958-20-0205-0 
041 0 |a spa 
043 |a s-ck--- 
082 0 4 |a 373.8  |b D255d 
245 0 0 |a Democracia y productividad:  |b desafíos de una nueva educación media en América Latina   |c Víctor M. Gómez ... [et al.] 
260 |a Bogotá:  |b Cooperativa Editorial Magisterio,  |c 1995 
300 |a 168 p. 
440 0 |a Colección mesa redonda;  |v No. 25 
504 |a Incluye bibliografía. 
520 3 |a Esta edición pone al alcance de los educadores del país un trabajo colectivo de investigación sobre las problemáticas de la educación media en América Latina. 
650 1 4 |a EDUCACIÓN SECUNDARIA  |z AMÉRICA LATINA 
650 1 4 |a INNOVACIONES EDUCATIVAS 
700 1 |a Gómez, Víctor M. 
999 |c 3459  |d 3459 
856 |u https://catalogo.idep.edu.co/cgi-bin/koha/opac-detail.pl?biblionumber=3459  |z Enlace del recurso